000
00271nam a22001097a 4500
082
_a
621.3 LAM'E
100
_a
LAMB, D. R
_9
78544
245
_a
ELECTRICAL CONDUCTION MECHANISMS IN THIN INSULATING FILMS
260
_a
LONDON
_b
METHUEN
_c
1967
300
_a
114P
942
_c
BK
999
_c
583654
_d
583654